000
00364nam a2200157Ia 4500
008
151213s9999 xx 000 0 und d
100
_a
J. F, Engel
245
_a
Consumer Behavior
_c
J. F, Engel
250
_a
8th
260
_a
London
_b
Dryden
_c
1995
300
_a
2765 p.
650
_a
Marketing
650
_a
Marketing
700
_a
J. F, Engel
999
_c
1875
_d
1875